Crazy Colors! (New Sporcle Feature!) Quiz Stats

 Plays Quiz not verified by Sporcle

Challenge
Share
Tweet
Score 0/22 Timer 02:00
0 Plays Today
Answers Colors % Correct
BeigeGreen
86.6%
CoralWhite
85.9%
BrownBlue
85.2%
FuchsiaYellow
85.2%
CyanRed
82.4%
OrangeBlack
77.5%
BlueOrange
74.6%
GreenYellowGrey
73.9%
BlackMagenta
69.7%
AquamarineCoral
66.2%
GoldFuchsia
65.5%
Answers Colors % Correct
GreyAquamarine
65.5%
MagentaPink
64.8%
PinkSalmon
63.4%
TealLime
63.4%
SalmonPurple
62%
LimeTeal
60.6%
PurpleGreenYellow
57.7%
WhiteGold
57%
RedCyan
52.1%
YellowBeige
44.4%
GreenBrown
36.6%

You're not logged in!

Compare scores with friends on all Sporcle quizzes.
OR
Log In

You Might Also Like...

Show Comments

Extras

Top Quizzes Today


Score Distribution

Your Account Isn't Verified!

In order to create a playlist on Sporcle, you need to verify the email address you used during registration. Go to your Sporcle Settings to finish the process.

Report this User

Report this user for behavior that violates our Community Guidelines.

Details: